| 000 | 00767nam a2200241 a 4500 | ||
|---|---|---|---|
| 003 | PILC | ||
| 005 | 20160217092224.0 | ||
| 008 | 080423s19uu xx 00 eng d | ||
| 020 | _a9781412922814 | ||
| 050 |
_aBF 723.S3 _b.R64 2006 |
||
| 100 | _aRoberts, Rosemary. | ||
| 245 |
_aSelf-esteem and early learning : _bkey people from birth to school / _cRosemary Roberts. |
||
| 250 | _a3rd edition. | ||
| 260 |
_aLondon : _bPaul Chapman Publishing, _c2006. |
||
| 300 |
_a187 pages ; _c23 cm. |
||
| 440 | _aSeries editor. | ||
| 500 | _aIncludes bibliographical references. | ||
| 650 | _aSelf-esteem in children. | ||
| 650 | _aEarly childhood education. | ||
| 650 |
_aEarly childhood education _xParent participation. |
||
| 942 |
_cBK _2lcc _kFOR |
||
| 999 |
_c23075 _d23075 |
||